000 00623nam a22002177a 4500
003 UA-OsUOA
001 89264
007 ta
008 20121105b un ||||| |||| 00| 0 ukr d
090 _a821.161.1
_bЛ13
942 _cBK
040 _aUA-OsUOA
_brus
_cUA-OsUOA
_dUA-OsUOA
245 _aЛава
_bжурнал поэзии
_cКривочуприн Е., Шкурко Ю., Хворост Л.
300 _a204 с.
955 _a3
041 _arus
080 _a821.161.1
260 _aХарьков
_bDobryni
_c2010
650 7 _a82 Література. Літературознавство
_2UDC
999 _c372858
_d372858